000 01908nam a22003377a 4500
999 _c21748
_d21748
003 AR-CdUCM
008 190425b ||||| |||| 00| 0 spa d
040 _aMUNICIPALIDAD PROVINCIAL DEL CUSCO
_cBIBLIOTECA MUNICIPAL DEL CUSCO
082 _aRev.Univ/N°94/1948
_bRev.Univ/N°94/1948
110 _aUniversidad Nacional de San Antonio Abad del Cusco
_915942
245 _aRevista Universitaria :
_bÓrgano de la Universidad del Cuzco /
260 _aCusco :
_bH.G. Rozas,
_c1948.
300 _a272 páginas. :
_bilustraciones, laminas ;
_c20 cm.
440 _aRevista Universitaria
_nAño XXXVII, 1° semestre 1948, N°94.
_945950
505 _aContenido: Estatuto universitario. -- Apuntes sobre la energía. Alfredo Gonzáles Willis. -- Historia de la fundación del Hospital y Convento de Nuestra Señora de la Almudena. 1698-1948. Horacio Villanueva Urteaga. -- Micaela Bastidas. Jorge Cornejo Bouroncle. -- La Merced del Cuzco. Harold E. Wethey. -- Episcopologio cusqueño. Juan A. Casanova. -- Addenda a sinopsis de la flora del Cuzco de F.L. Herrera 1941. César Vargas. -- Realidad Sanitaria de los pueblos serranos. Jorge Kuon Cabello. -- Actos jurídicos. Leoncio Olazábal. -- Dos documentos importantes sobre el Inca Garcilaso. Julián Santisteban Ochoa. -- Crónica.
650 _aMicaela Bastidas
_945951
650 _aHistoria del Cusco
_91714
650 _aObispos del Cusco
_945953
650 _aBotánica cusqueña
_945807
650 _aArquitectura colonial
_928957
650 _aFortunato L. Herrera
_945940
650 _aInca Garcilaso de la Vega
_9300
650 _aEnergía
_915841
700 _aVillanueva Urteaga, Horacio
_95790
700 _aCornejo Bouroncle, Jorge
_915278
700 _aWethey, Harold E
_945952
700 _aSantisteban Ochoa, Julián
_929993
710 _aUniversidad Nacional de San Antonio Abad del Cusco
_915942
942 _2ddc
_cPP
945 _arac